000 00491nam a22001817a 4500
999 _c2788
_d2788
003 URS
005 20220114142256.0
008 191022s1999 a|||| |||| 00| 0 eng d
020 _a8171414583
040 _cURS
_beng
_drda
050 1 4 _aGV 1015.3
_b.K9637 1999
100 _aKumar, Ashok
245 1 0 _aVolleyball
_cAshok Kumar
260 _aNew Delhi:
_bDiscovery Publishing House;
_c[1999]
300 _a214 pages:
_bwith illustrations;
_c21 cm.
504 _aIncludes index
942 _2lcc
_cFR